| 000 | 00469nam a2200193Ia 4500 | ||
|---|---|---|---|
| 003 | GCL | ||
| 008 | 140319s9999 xx 000 0 eng d | ||
| 040 |
_aGCL / _cGCL |
||
| 082 | 0 | 4 |
_a780.92 _bH G |
| 100 | 1 | _aHOPKINS, ANTONY | |
| 245 | 1 | 0 |
_aGREAT COMPOSERS / _cHOPKINS, ANTONY |
| 260 |
_a[S.N] : _bTIGER BOOKS INTERNATIONAL ، _c1989 |
||
| 300 | _a404 P | ||
| 650 | 0 | 4 | _aARTS |
| 650 | 0 | 4 | _aMUSIC |
| 650 | 0 | 4 | _aCOMPOSERS |
| 650 | 0 | 4 | _aBIOGRAPHIES |
| 942 |
_2ddc _cBK |
||
| 999 |
_c17388 _d17388 |
||